000 00459nam a22001697a 4500
999 _c523793
_d523793
003 NUST
038 _awaseem
082 _a891.43905
_bRAV
100 _aMuhammad Khaliq Ul Rehman
_914565
245 _aRavi 2014 /
_cMuhammad Khaliq Ul Rehman
260 _aLahore :
_bG.C. University,
_c2014.
300 _a400 p. ;
500 _aPaperback.
880 _6100-02\r
_aمحمد خلیق الرحمن
880 _6245-02\r
_aراوی 2014 /
942 _2ddc
_cBK